[Event "Toronto Candidates Blitz op"]
[Site "Toronto"]
[Date "2024.04.08"]
[Round "5"]
[White "Pourkashiyan, Atousa"]
[Black "Thavandiran, Shiyam"]
[Result "0-1"]
[WhiteElo "2271"]
[BlackElo "2347"]
[PlyCount "134"]
[EventDate "2024.04.08"]
[EventType "swiss (blitz)"]
[EventRounds "9"]
[EventCountry "CAN"]
[SourceTitle "CB16_2024"]
[SourceDate "2024.04.17"]
[SourceVersion "1"]
[SourceVersionDate "2024.04.17"]
[SourceQuality "1"]

1. e4 e6 2. d4 d5 3. Nd2 c5 4. exd5 Qxd5 5. Ngf3 cxd4 6. Bc4 Qd6 7. 0-0 Nf6 8. Nb3 Nc6 9. Nbxd4 Nxd4 10. Nxd4 Be7 11. c3 0-0 12. Qf3 Qc7 13. Bb3 Bd7 14. Bg5 a5 15. Bc2 a4 16. Rad1 Ra5 17. Bh4 Qb6 18. b4 axb3 19. axb3 Rc8 20. c4 Ra2 21. Qd3 g6 22. Bb1 Ra5 23. b4 Rh5 24. Nf3 Ba4 25. Qd4 Qxd4 26. Rxd4 e5 27. Rd2 e4 28. Bxf6 Bxf6 29. Bxe4 Rxc4 30. Bxb7 Rxb4 31. Bd5 Rf5 32. Ba2 Rb7 33. h3 h5 34. Nd4 Rc5 35. Nf3 Kg7 36. Bd5 Rd7 37. Ba2 Ra7 38. Re1 Bc3 39. Ree2 Bxd2 40. Rxd2 Rc2 41. Rxc2 Bxc2 42. Bd5 Rd7 43. Bc4 Rc7 44. Bd5 Bd1 45. g3 Rc5 46. Bb7 Rb5 47. Bc6 Rb6 48. Bd5 Rd6 49. Bb7 Bxf3 50. Bxf3 Kf6 51. h4 Ke5 52. Kg2 Kd4 53. Bd1 Kc3 54. Bf3 Kd2 55. Kf1 Ra6 56. Bd5 Ra1+ 57. Kg2 Ra7 58. Bc4 Ke1 59. f4 Rc7 60. Bd5 Ke2 61. Bf3+ Ke3 62. Bd5 Rd7 63. Bc4 Rd2+ 64. Kh3 f5 65. Ba6 Kf2 66. Bb5 Kg1 67. g4 Rb2 0-1

[Event "Reykjavik op"]
[Site "Reykjavik"]
[Date "2024.03.16"]
[Round "2"]
[White "Pourkashiyan, Atousa"]
[Black "Balakrishnan, Praveen"]
[Result "0-1"]
[WhiteElo "2270"]
[BlackElo "2490"]
[PlyCount "114"]
[EventDate "2024.03.15"]
[EventType "swiss"]
[EventRounds "9"]
[EventCountry "ISL"]
[SourceTitle "CB13_2024"]
[SourceDate "2024.03.27"]
[SourceVersion "1"]
[SourceVersionDate "2024.03.27"]
[SourceQuality "1"]

1. e4 e6 2. d4 d5 3. Nd2 Nf6 4. e5 Nfd7 5. c3 c5 6. Bd3 Nc6 7. Ne2 cxd4 8. cxd4 f6 9. exf6 Nxf6 10. Nf3 Bd6 11. 0-0 0-0 12. Bf4 Bxf4 13. Nxf4 Ng4 14. Ne2 e5 15. dxe5 Rxf3 16. gxf3 Ngxe5 17. Kh1 Qf6 18. Ng1 Be6 19. Re1 Rd8 20. Qe2 a6 21. b4 d4 22. Be4 d3 23. Qe3 Nxb4 24. Bxb7 Nc2 25. Qxe5 Qxe5 26. Rxe5 Nxa1 27. Bxa6 d2 28. Be2 Bxa2 29. Ra5 Re8 30. Rxa2 Rxe2 31. Rxa1 Re1 32. Ra8+ Kf7 33. Rd8 d1Q 34. Rxd1 Rxd1 35. Kg2 Rd2 36. f4 Kf6 37. Nf3 Rd3 38. Ne1 Rc3 39. f3 Ke6 40. Kg3 Kd5 41. Ng2 Kd4 42. Nh4 Kd3 43. f5 Ke2 44. Kg4 Kf2 45. f4 Rc6 46. Kg5 Ke3 47. Kg4 Ke4 48. Kg3 Rc1 49. h3 Ra1 50. Ng2 Kxf5 51. Kf3 Rf1+ 52. Kg3 Ke4 53. Kg4 g6 54. Kg3 Rf3+ 55. Kh2 Rc3 56. h4 Kf3 57. Kh3 Rc1 0-1

[Event "Titled Tuesday intern op 12th Mar Early"]
[Site "Chess.com INT"]
[Date "2024.03.12"]
[Round "6"]
[White "Pourkashiyan, Atousa"]
[Black "Godzwon, Iwo"]
[Result "0-1"]
[WhiteElo "2270"]
[BlackElo "2398"]
[PlyCount "88"]
[EventDate "2024.03.12"]
[EventType "swiss (blitz)"]
[EventRounds "11"]
[EventCountry "USA"]
[SourceTitle "CB12_2024"]
[SourceDate "2023.10.01"]
[SourceVersion "1"]
[SourceVersionDate "2023.10.01"]
[SourceQuality "1"]

1. e4 c5 2. Nf3 Nf6 3. e5 Nd5 4. Nc3 Nxc3 5. dxc3 e6 6. Bf4 Nc6 7. Bd3 h6 8. 0-0 Qc7 9. Qe2 b6 10. Rad1 Bb7 11. a4 0-0-0 12. Bg3 d5 13. c4 Be7 14. cxd5 Rxd5 15. Be4 Rxd1 16. Rxd1 Rd8 17. c3 Rxd1+ 18. Qxd1 Qd7 19. Qxd7+ Kxd7 20. Kf1 Ba6+ 21. Ke1 Na5 22. Nd2 Nc4 23. Nxc4 Bxc4 24. Bc2 Bd5 25. f3 Bg5 26. b3 c4 27. b4 Kc6 28. Be4 a5 29. b5+ Kd7 30. Bf2 Bd8 31. Ke2 Bc7 32. Bd4 g6 33. Ke3 Ke7 34. f4 Kd7 35. g4 Ke7 36. h3 Kd7 37. Kf3 Bd8 38. Ke3 Bc7 39. f5 gxf5 40. gxf5 Bxe4 41. Kf4 Bxf5 42. h4 Bd8 43. h5 Kc7 44. Kf3 Bg5 0-1

[Event "Titled Tuesday intern op 12th Mar Early"]
[Site "Chess.com INT"]
[Date "2024.03.12"]
[Round "10"]
[White "Pourkashiyan, Atousa"]
[Black "Rose, Felix"]
[Result "1-0"]
[WhiteElo "2270"]
[BlackElo "2091"]
[PlyCount "55"]
[EventDate "2024.03.12"]
[EventType "swiss (blitz)"]
[EventRounds "11"]
[EventCountry "USA"]
[SourceTitle "CB12_2024"]
[SourceDate "2023.10.01"]
[SourceVersion "1"]
[SourceVersionDate "2023.10.01"]
[SourceQuality "1"]

1. e4 e5 2. Nf3 Nc6 3. Bb5 a6 4. Ba4 Nf6 5. 0-0 b5 6. Bb3 Bc5 7. c3 d6 8. a4 Rb8 9. d4 Bb6 10. Nbd2 0-0 11. h3 h6 12. Re1 Bb7 13. Nf1 Re8 14. Ng3 exd4 15. cxd4 Na5 16. Bc2 c5 17. d5 c4 18. axb5 axb5 19. Nd4 b4 20. Ndf5 b3 21. Bb1 Qd7 22. Bd2 Ra8 23. Bc3 Qd8 24. Qf3 Kh7 25. Qf4 Re5 26. Nxd6 Qxd6 27. Bxe5 Qc5 28. Bc3 1-0

[Event "Titled Tuesday intern op 12th Mar Early"]
[Site "Chess.com INT"]
[Date "2024.03.12"]
[Round "4"]
[White "Pourkashiyan, Atousa"]
[Black "Toman, Ondrej"]
[Result "1-0"]
[WhiteElo "2270"]
[BlackElo "2291"]
[PlyCount "111"]
[EventDate "2024.03.12"]
[EventType "swiss (blitz)"]
[EventRounds "11"]
[EventCountry "USA"]
[SourceTitle "CB12_2024"]
[SourceDate "2023.10.01"]
[SourceVersion "1"]
[SourceVersionDate "2023.10.01"]
[SourceQuality "1"]

1. e4 c6 2. d4 d5 3. e5 c5 4. dxc5 e6 5. Nf3 Bxc5 6. Be2 Ne7 7. 0-0 0-0 8. c3 Ng6 9. b4 Bb6 10. a4 a5 11. Re1 Nd7 12. Bd3 f5 13. exf6 Nxf6 14. Bxg6 hxg6 15. Be3 Ne4 16. bxa5 Rxa5 17. Qb3 Bxe3 18. Rxe3 Bd7 19. Nbd2 Nc5 20. Qb4 Qa8 21. Ng5 Rf5 22. Qh4 Rxg5 23. Qxg5 Rxa4 24. Rxa4 Bxa4 25. Qxg6 Be8 26. Qb1 Bf7 27. h3 Qa5 28. Kh2 Qc7+ 29. Rg3 Nd7 30. Qb4 Nf6 31. Kg1 e5 32. Qh4 Nh5 33. Re3 e4 34. Nf1 Nf4 35. g3 Ne6 36. Qg4 Qc5 37. h4 b5 38. Qf5 Qd6 39. h5 Nf8 40. Nh2 Nh7 41. Ng4 Be6 42. Qf4 Qa6 43. Qb8+ Kf7 44. Ne5+ Kf6 45. Ng4+ Kf7 46. Ne5+ Kf6 47. Ng4+ Bxg4 48. Qd8+ Kf7 49. Qc7+ Kf6 50. Qd8+ Ke5 51. Qe7+ Be6 52. Qxg7+ Nf6 53. Qf8 Qa1+ 54. Kg2 Qd1 55. Qb8+ Kf5 56. Qf4# 1-0

[Event "Swiss Queens Wed #4"]
[Site "FIDE Online Arena INT"]
[Date "2024.02.21"]
[Round "5"]
[White "Pourkashiyan, Atousa"]
[Black "Sachi, Jain"]
[Result "1-0"]
[WhiteElo "2270"]
[BlackElo "1987"]
[PlyCount "129"]
[EventDate "2024.02.21"]
[EventType "swiss (blitz)"]
[EventRounds "11"]
[EventCountry "NET"]
[SourceTitle "CB09_2024"]
[SourceDate "2024.02.28"]
[SourceVersion "1"]
[SourceVersionDate "2024.02.28"]
[SourceQuality "1"]

1. Nf3 d5 2. g3 e6 3. Bg2 c5 4. 0-0 Nc6 5. d3 Nf6 6. Nbd2 Bd6 7. e4 Qc7 8. Re1 0-0 9. Nf1 b5 10. Bg5 Nd7 11. exd5 exd5 12. c4 bxc4 13. dxc4 d4 14. N1d2 h6 15. Bh4 Bb7 16. Ne4 Rfe8 17. Qd2 Rab8 18. Nxd6 Qxd6 19. g4 Nde5 20. Bg3 Ba8 21. b3 Rbd8 22. h3 Nxf3+ 23. Bxf3 Ne5 24. Bxa8 Rxa8 25. Bxe5 Rxe5 26. Rxe5 Qxe5 27. Re1 Qd6 28. Qd3 Qd7 29. Qe4 Rd8 30. Qe5 Qd6 31. Qxd6 Rxd6 32. Re8+ Kh7 33. Kf1 d3 34. Ke1 Ra6 35. Re3 Rxa2 36. Rxd3 Rb2 37. Kf1 Kg6 38. Kg2 a5 39. Kg3 Rc2 40. f4 a4 41. bxa4 Rxc4 42. Ra3 Rb4 43. a5 Rb7 44. Kf3 Ra7 45. Ke4 h5 46. Kd5 hxg4 47. hxg4 f5 48. g5 Kh5 49. Kxc5 Kg4 50. Ra4 Rxa5+ 51. Rxa5 Kxf4 52. g6 Kg5 53. Kd4 Kxg6 54. Ke3 Kg5 55. Kf3 g6 56. Ra4 Kf6 57. Kf4 g5+ 58. Kf3 Ke5 59. Ra5+ Ke6 60. Ke3 Kf6 61. Kd4 g4 62. Ke3 Kg5 63. Rb5 g3 64. Kf3 Kh4 65. Rxf5 1-0

[Event "Titled Tuesday intern op 13th Feb Late"]
[Site "Chess.com INT"]
[Date "2024.02.13"]
[Round "3"]
[White "Kostiukov, Alexandr"]
[Black "Pourkashiyan, Atousa"]
[Result "1-0"]
[WhiteElo "2271"]
[BlackElo "2270"]
[PlyCount "137"]
[EventDate "2024.02.13"]
[EventType "swiss (blitz)"]
[EventRounds "11"]
[EventCountry "USA"]
[SourceTitle "CB08_2024"]
[SourceDate "2024.02.21"]
[SourceVersion "1"]
[SourceVersionDate "2024.02.21"]
[SourceQuality "1"]

1. g3 d5 2. Bg2 Nf6 3. d3 c6 4. e4 dxe4 5. dxe4 Qxd1+ 6. Kxd1 Be6 7. f3 Na6 8. Be3 0-0-0+ 9. Nd2 Kb8 10. Bh3 Bxh3 11. Nxh3 e6 12. c3 Bc5 13. Ke2 Bxe3 14. Kxe3 Nc5 15. Nf2 Na4 16. Rab1 Rd7 17. Rhd1 Rhd8 18. Nc4 Rxd1 19. Rxd1 Rxd1 20. Nxd1 Ne8 21. e5 b5 22. Nd2 Nc7 23. Ne4 h6 24. f4 Nd5+ 25. Kd4 Kc7 26. c4 bxc4 27. Kxc4 f6 28. exf6 gxf6 29. Nc5 Kd6 30. Nxa4 e5 31. fxe5+ fxe5 32. Nac3 Nf6 33. Kd3 Ke6 34. Ne4 Nd5 35. a3 h5 36. Ne3 Nb6 37. b3 a5 38. h3 a4 39. Nc5+ Kd6 40. Nxa4 Nd7 41. Nc4+ Ke6 42. b4 Nf6 43. Nc5+ Kf5 44. Nd6+ Kg6 45. Nde4 Nd5 46. Kc4 Ne3+ 47. Kb3 Nd5 48. a4 Kf5 49. a5 Nc7 50. Nd6+ Kf6 51. a6 Na8 52. Nc4 Kg5 53. Na4 h4 54. gxh4+ Kxh4 55. Nxe5 Kxh3 56. Nxc6 Kg4 57. b5 Kf5 58. b6 Ke6 59. b7 Nc7 60. b8Q Nxa6 61. Qe5+ Kd7 62. Nc5+ Kxc6 63. Nxa6 Kb7 64. Nb4 Ka7 65. Qd6 Kb7 66. Kc4 Ka7 67. Kb5 Kb7 68. Qd7+ Ka8 69. Kb6 1-0

[Event "Titled Tuesday intern op 13th Feb Early"]
[Site "Chess.com INT"]
[Date "2024.02.13"]
[Round "6"]
[White "Pourkashiyan, Atousa"]
[Black "Bilciu, Claudia"]
[Result "1-0"]
[WhiteElo "2270"]
[BlackElo "2077"]
[PlyCount "49"]
[EventDate "2024.02.13"]
[EventType "swiss (blitz)"]
[EventRounds "11"]
[EventCountry "USA"]
[SourceTitle "CB08_2024"]
[SourceDate "2024.02.21"]
[SourceVersion "1"]
[SourceVersionDate "2024.02.21"]
[SourceQuality "1"]

1. d4 Nf6 2. Nf3 g6 3. g3 Bg7 4. Bg2 d6 5. 0-0 0-0 6. c4 Nc6 7. Nc3 e5 8. dxe5 Nxe5 9. Nxe5 dxe5 10. Qc2 c6 11. b3 Qe7 12. a4 Rd8 13. Ba3 Qc7 14. Rad1 Bf5 15. e4 Bg4 16. f3 Be6 17. Kh1 b6 18. c5 h5 19. h4 Bh6 20. Rd6 Be3 21. Rfd1 Bd4 22. cxb6 axb6 23. Nb5 Qe7 24. R6xd4 Qe8 25. Nc7 1-0

[Event "Titled Tuesday intern op 13th Feb Early"]
[Site "Chess.com INT"]
[Date "2024.02.13"]
[Round "11"]
[White "Pourkashiyan, Atousa"]
[Black "Dubnevych, Maksym"]
[Result "0-1"]
[WhiteElo "2270"]
[BlackElo "2293"]
[PlyCount "80"]
[EventDate "2024.02.13"]
[EventType "swiss (blitz)"]
[EventRounds "11"]
[EventCountry "USA"]
[SourceTitle "CB08_2024"]
[SourceDate "2024.02.21"]
[SourceVersion "1"]
[SourceVersionDate "2024.02.21"]
[SourceQuality "1"]

1. Nf3 Nf6 2. g3 d5 3. Bg2 e6 4. 0-0 Be7 5. d3 0-0 6. Nbd2 Nc6 7. e4 dxe4 8. dxe4 e5 9. c3 a5 10. Re1 Bc5 11. h3 Qe7 12. Nc4 Rd8 13. Qc2 Qe6 14. Ne3 Bf8 15. Nd5 Ne8 16. Bg5 f6 17. Be3 Qf7 18. Bf1 Be6 19. Bc4 Nd6 20. Bf1 Nxe4 21. c4 Nd6 22. Bd3 g6 23. Kh2 Bxd5 24. cxd5 Nb4 25. Qe2 Nxd3 26. Qxd3 e4 27. Qe2 exf3 28. Qxf3 Nc4 29. Bd4 Rxd5 30. Bxf6 Rf5 31. Qxb7 Re8 32. Bd4 Nd2 33. Rxe8 Qxe8 34. Be3 Nf3+ 35. Kg2 Ne5 36. Rc1 Bd6 37. Qd5+ Nf7 38. Qd4 Qa8+ 39. Kh2 Ne5 40. h4 Nf3+ 0-1

[Event "Titled Tuesday intern op 13th Feb Late"]
[Site "Chess.com INT"]
[Date "2024.02.13"]
[Round "8"]
[White "Yeletsky, Ivan"]
[Black "Pourkashiyan, Atousa"]
[Result "1-0"]
[WhiteElo "2504"]
[BlackElo "2270"]
[PlyCount "73"]
[EventDate "2024.02.13"]
[EventType "swiss (blitz)"]
[EventRounds "11"]
[EventCountry "USA"]
[SourceTitle "CB08_2024"]
[SourceDate "2024.02.21"]
[SourceVersion "1"]
[SourceVersionDate "2024.02.21"]
[SourceQuality "1"]

1. d4 Nf6 2. c4 e6 3. a3 d5 4. cxd5 exd5 5. Nc3 c6 6. Bf4 Bf5 7. e3 Bd6 8. Qf3 Bxf4 9. Qxf4 Bg6 10. h4 h5 11. Nf3 0-0 12. Ne5 Nbd7 13. Nxg6 fxg6 14. Qg3 Ng4 15. Be2 Nxf2 16. 0-0 Ng4 17. Bxg4 hxg4 18. Qxg4 Kh7 19. Rxf8 Nxf8 20. Rf1 Qe7 21. e4 Qe6 22. Qf3 Rd8 23. b4 Nd7 24. exd5 cxd5 25. Nxd5 Rf8 26. Nf4 Qd6 27. Qe4 Kh6 28. Qe3 Kh7 29. Qe4 Kh6 30. Rf3 Rf5 31. h5 Nf6 32. Qe3 g5 33. Qd3 Qd7 34. Ne2 g6 35. Ng3 g4 36. Nxf5+ gxf5 37. Rxf5 1-0

[Event "Swiss Queens Wed #2"]
[Site "FIDE Online Arena INT"]
[Date "2024.02.07"]
[Round "8"]
[White "Maltsevskaya, Aleksandra"]
[Black "Pourkashiyan, Atousa"]
[Result "1-0"]
[WhiteElo "2374"]
[BlackElo "2270"]
[PlyCount "63"]
[EventDate "2024.02.07"]
[EventType "swiss (blitz)"]
[EventRounds "11"]
[EventCountry "NET"]
[SourceTitle "CB07_2024"]
[SourceDate "2024.02.14"]
[SourceVersion "1"]
[SourceVersionDate "2024.02.14"]
[SourceQuality "1"]

1. Nf3 d5 2. g3 Nf6 3. Bg2 e6 4. 0-0 Be7 5. d3 0-0 6. Nbd2 c5 7. e4 Nc6 8. exd5 exd5 9. a4 Bg4 10. h3 Bh5 11. c3 Re8 12. Re1 Bf8 13. Rxe8 Qxe8 14. Qb3 b6 15. Nf1 Bg6 16. Bg5 Bxd3 17. Bxf6 gxf6 18. Qxd5 Rd8 19. Qh5 Bg6 20. Qh4 Qe2 21. Qxf6 Qxb2 22. Re1 Rd6 23. Qh4 Qxc3 24. Re8 Qf6 25. Ng5 Kg7 26. Qg4 Rd8 27. Bxc6 Rxe8 28. Bxe8 c4 29. Ne3 c3 30. Bxf7 Bxf7 31. Ne6+ Kh8 32. Nxf8 1-0

[Event "Titled Tuesday intern op 06th Feb Early"]
[Site "Chess.com INT"]
[Date "2024.02.06"]
[Round "11"]
[White "Ai, Evan Zihao"]
[Black "Pourkashiyan, Atousa"]
[Result "0-1"]
[WhiteElo "2188"]
[BlackElo "2270"]
[PlyCount "160"]
[EventDate "2024.02.06"]
[EventType "swiss (blitz)"]
[EventRounds "11"]
[EventCountry "USA"]
[SourceTitle "CB07_2024"]
[SourceDate "2024.02.14"]
[SourceVersion "1"]
[SourceVersionDate "2024.02.14"]
[SourceQuality "1"]

1. e4 c5 2. Nf3 e6 3. d4 cxd4 4. Nxd4 a6 5. Bd3 Nf6 6. 0-0 d6 7. c4 Be7 8. Nc3 0-0 9. f3 Nbd7 10. Be3 b6 11. b3 Bb7 12. Rc1 Rc8 13. Qd2 Qc7 14. Rfd1 Rfe8 15. Bf2 Ne5 16. Be2 Nfd7 17. f4 Ng6 18. Bf3 Bf8 19. g3 e5 20. Nd5 Qd8 21. Nf5 exf4 22. gxf4 Nc5 23. Re1 Ne6 24. Be3 Nc5 25. Qd4 Bxd5 26. exd5 Nh4 27. Nxh4 Qxh4 28. Bf2 Qh3 29. Bg2 Qf5 30. Rxe8 Rxe8 31. Be3 Qd3 32. Bf2 Qf5 33. Rd1 g6 34. b4 Bg7 35. Qd2 Ne4 36. Bxe4 Rxe4 37. Re1 Rxc4 38. Re8+ Bf8 39. Bxb6 Qb1+ 40. Re1 Qxb4 41. Qxb4 Rxb4 42. Be3 Re4 43. Kf2 f5 44. Rc1 Ra4 45. Rc2 Kf7 46. Ke2 Be7 47. Kd3 Ra3+ 48. Ke2 Ra5 49. Rd2 Ke8 50. Bb6 Rb5 51. Be3 Kd7 52. a4 Rb3 53. Rc2 Bf6 54. Rc6 a5 55. Ra6 Rb2+ 56. Kf3 Bc3 57. Ra7+ Kc8 58. Rxh7 Rb3 59. Re7 Bd2 60. Ke2 Bxe3 61. Rxe3 Rb4 62. Re6 Kc7 63. Rxg6 Rxf4 64. Rg7+ Kb6 65. Ke3 Rxa4 66. Rf7 Rh4 67. Rxf5 Rxh2 68. Rf8 Kc5 69. Ra8 Ra2 70. Ke4 Ra4+ 71. Kd3 Kxd5 72. Kc3 Kc5 73. Kb3 Rb4+ 74. Kc3 Rb5 75. Rc8+ Kd5 76. Kd3 a4 77. Ra8 Rb3+ 78. Kc2 Rb4 79. Kc3 Rh4 80. Ra5+ Kc6 0-1

[Event "Titled Tuesday intern op 06th Feb Early"]
[Site "Chess.com INT"]
[Date "2024.02.06"]
[Round "4"]
[White "Clawitter, Craig"]
[Black "Pourkashiyan, Atousa"]
[Result "0-1"]
[WhiteElo "2050"]
[BlackElo "2270"]
[PlyCount "72"]
[EventDate "2024.02.06"]
[EventType "swiss (blitz)"]
[EventRounds "11"]
[EventCountry "USA"]
[SourceTitle "CB07_2024"]
[SourceDate "2024.02.14"]
[SourceVersion "1"]
[SourceVersionDate "2024.02.14"]
[SourceQuality "1"]

1. e4 c5 2. Nf3 e6 3. d4 cxd4 4. Nxd4 a6 5. Bd3 Bc5 6. Nb3 Be7 7. Nc3 Nc6 8. Qg4 g6 9. Qe2 d6 10. f4 Nf6 11. 0-0 0-0 12. Kh1 Qc7 13. Bd2 b5 14. f5 Ne5 15. Nd1 exf5 16. exf5 Bb7 17. Bh6 Rfe8 18. Ne3 Nh5 19. Rae1 Bf8 20. Bxf8 Rxf8 21. Ng4 Nxg4 22. Qxg4 Rae8 23. Nd4 Nf6 24. Qh4 Rxe1 25. Rxe1 Re8 26. Rf1 Nh5 27. Qg5 Qe7 28. f6 Qe5 29. Qg4 Nxf6 30. Qh4 Nh5 31. Nf3 Qf4 32. Qxf4 Nxf4 33. Kg1 Nxd3 34. cxd3 Re2 35. Re1 Bxf3 36. Rxe2 Bxe2 0-1

[Event "Titled Tuesday intern op 06th Feb Late"]
[Site "Chess.com INT"]
[Date "2024.02.06"]
[Round "5"]
[White "Dyachuk, Artem"]
[Black "Pourkashiyan, Atousa"]
[Result "0-1"]
[WhiteElo "2307"]
[BlackElo "2270"]
[PlyCount "172"]
[EventDate "2024.02.06"]
[EventType "swiss (blitz)"]
[EventRounds "11"]
[EventCountry "USA"]
[SourceTitle "CB07_2024"]
[SourceDate "2024.02.14"]
[SourceVersion "1"]
[SourceVersionDate "2024.02.14"]
[SourceQuality "1"]

1. e4 c5 2. Nf3 e6 3. d3 a6 4. c4 Nc6 5. Nc3 d6 6. Be2 Nf6 7. 0-0 Be7 8. Be3 0-0 9. d4 cxd4 10. Nxd4 Bd7 11. f3 Nxd4 12. Bxd4 Bc6 13. Qd2 Nd7 14. Rfd1 Rc8 15. Rac1 Ne5 16. Qe3 Ng6 17. g3 Qe8 18. f4 b5 19. cxb5 axb5 20. Bf3 b4 21. Ne2 e5 22. Bb6 exf4 23. gxf4 Bf6 24. Bd4 Bxd4 25. Qxd4 Bb5 26. Qxd6 Rxc1 27. Nxc1 Nh4 28. Bh1 Qc8 29. Kf2 Qh3 30. f5 Nxf5 31. exf5 Qxf5+ 32. Bf3 Bc4 33. Rd4 Be6 34. Qf4 Qc2+ 35. Qd2 Qc7 36. Ne2 Qxh2+ 37. Ke3 Qc7 38. Qxb4 h6 39. a4 Rb8 40. Qc3 Qe5+ 41. Kf2 Qh2+ 42. Ke3 Re8 43. Re4 Rd8 44. Rd4 Re8 45. Re4 Rc8 46. a5 Rxc3+ 47. bxc3 Qd6 48. Rd4 Qa6 49. Be4 g6 50. Ra4 Qa7+ 51. Nd4 Bd7 52. Rb4 Qxa5 53. Rc4 Be6 54. Rc6 Bd5 55. Rc8+ Kg7 56. Bd3 Be6 57. Rc6 Qe5+ 58. Kd2 Qf4+ 59. Kc2 Bd5 60. Rc5 Qf2+ 61. Be2 Bf3 62. Kd2 Bxe2 63. Nxe2 Qxc5 64. Kd3 Qd6+ 65. Nd4 h5 66. c4 Qg3+ 67. Ke4 h4 68. c5 Qg4+ 69. Kd5 Qg2+ 70. Kd6 h3 71. c6 Qxc6+ 72. Kxc6 h2 73. Kd6 h1Q 74. Ke7 Qe1+ 75. Kd7 Qd1 76. Ke7 Qxd4 77. Ke8 Qe5+ 78. Kd7 g5 79. Kc6 g4 80. Kd7 g3 81. Kc6 g2 82. Kd7 g1Q 83. Kd8 Qd1+ 84. Kc8 Qc3+ 85. Kb8 Qb1+ 86. Ka8 Qa3# 0-1

[Event "Titled Tuesday intern op 06th Feb Late"]
[Site "Chess.com INT"]
[Date "2024.02.06"]
[Round "4"]
[White "Esquivias Quintero, Luis Manuel"]
[Black "Pourkashiyan, Atousa"]
[Result "0-1"]
[WhiteElo "2278"]
[BlackElo "2270"]
[PlyCount "68"]
[EventDate "2024.02.06"]
[EventType "swiss (blitz)"]
[EventRounds "11"]
[EventCountry "USA"]
[SourceTitle "CB07_2024"]
[SourceDate "2024.02.14"]
[SourceVersion "1"]
[SourceVersionDate "2024.02.14"]
[SourceQuality "1"]

1. e4 c5 2. d4 cxd4 3. c3 d3 4. Bxd3 Nc6 5. Nf3 d6 6. h3 Nf6 7. 0-0 g6 8. c4 Bg7 9. Nc3 0-0 10. Be3 Bd7 11. a3 Rc8 12. Rc1 Be6 13. Qd2 Na5 14. Qe2 Bxc4 15. b4 Bxd3 16. Qxd3 Nc4 17. Bxa7 b6 18. Nb5 d5 19. exd5 Qxd5 20. Qxd5 Nxd5 21. Rfd1 Nf4 22. Nfd4 e5 23. g3 Nxh3+ 24. Kg2 exd4 25. Kxh3 Rfd8 26. Rd3 h5 27. Kg2 Ne3+ 28. fxe3 Rxc1 29. Bxb6 Rb8 30. Bxd4 Rxb5 31. Bxg7 Kxg7 32. a4 Rxb4 33. Rd4 Rxd4 34. exd4 Rc4 0-1

[Event "Titled Tuesday intern op 06th Feb Late"]
[Site "Chess.com INT"]
[Date "2024.02.06"]
[Round "10"]
[White "Hamblok, Roel"]
[Black "Pourkashiyan, Atousa"]
[Result "1-0"]
[WhiteElo "2230"]
[BlackElo "2270"]
[PlyCount "77"]
[EventDate "2024.02.06"]
[EventType "swiss (blitz)"]
[EventRounds "11"]
[EventCountry "USA"]
[SourceTitle "CB07_2024"]
[SourceDate "2024.02.14"]
[SourceVersion "1"]
[SourceVersionDate "2024.02.14"]
[SourceQuality "1"]

1. e4 e5 2. Nf3 Nf6 3. Nxe5 d6 4. Nf3 Nxe4 5. Bd3 d5 6. Qe2 Qe7 7. 0-0 Nc6 8. Re1 Bf5 9. Bb5 Nd6 10. Qf1 Be6 11. Nd4 Nxb5 12. Qxb5 Qb4 13. Qxb4 Nxb4 14. a3 Nc6 15. Nxc6 bxc6 16. d3 Bd6 17. Be3 0-0 18. Nd2 c5 19. c4 Rab8 20. Rab1 Bf5 21. cxd5 Bxd3 22. Rbc1 Rxb2 23. h4 f6 24. Nc4 Bxc4 25. Rxc4 Re8 26. Rd1 Rb3 27. Bxc5 Bxc5 28. Rxc5 Re7 29. Ra5 Rd7 30. Rxa7 Rb5 31. d6 Rxd6 32. Rc1 c6 33. a4 Rb2 34. Re1 h5 35. a5 Rdd2 36. Ree7 Rxf2 37. Rxg7+ Kf8 38. a6 Rfc2 39. Rg3 1-0

[Event "Titled Tuesday intern op 06th Feb Late"]
[Site "Chess.com INT"]
[Date "2024.02.06"]
[Round "2"]
[White "Pourkashiyan, Atousa"]
[Black "Michalski, Olaf"]
[Result "1-0"]
[WhiteElo "2270"]
[BlackElo "2251"]
[PlyCount "35"]
[EventDate "2024.02.06"]
[EventType "swiss (blitz)"]
[EventRounds "11"]
[EventCountry "USA"]
[SourceTitle "CB07_2024"]
[SourceDate "2024.02.14"]
[SourceVersion "1"]
[SourceVersionDate "2024.02.14"]
[SourceQuality "1"]

1. Nf3 d6 2. e4 c5 3. d4 cxd4 4. Nxd4 Nf6 5. Nc3 a6 6. Bc4 e6 7. 0-0 Nbd7 8. Bxe6 fxe6 9. Nxe6 Qb6 10. Nd5 Nxd5 11. exd5 Nc5 12. Nxc5 dxc5 13. Re1+ Kf7 14. Bg5 g6 15. Qf3+ Kg7 16. Qc3+ Kg8 17. Bf6 Bf5 18. Bxh8 1-0

[Event "Swiss Queens Wed #1"]
[Site "FIDE Online Arena INT"]
[Date "2024.01.31"]
[Round "10"]
[White "Balabayeva, Kseniya"]
[Black "Pourkashiyan, Atousa"]
[Result "0-1"]
[WhiteElo "2282"]
[BlackElo "2270"]
[PlyCount "70"]
[EventDate "2024.01.31"]
[EventType "swiss (blitz)"]
[EventRounds "11"]
[EventCountry "NET"]
[SourceTitle "CB06_2024"]
[SourceDate "2024.02.07"]
[SourceVersion "1"]
[SourceVersionDate "2024.02.07"]
[SourceQuality "1"]

1. e4 c5 2. Nf3 e6 3. c3 Nf6 4. e5 Nd5 5. d4 cxd4 6. cxd4 d6 7. Bc4 Nc6 8. 0-0 Be7 9. Qe2 0-0 10. Nc3 Nxc3 11. bxc3 Qc7 12. Bd2 dxe5 13. dxe5 Rd8 14. Rad1 Bd7 15. h4 Be8 16. h5 Rac8 17. Bd3 Rd5 18. Qe4 g6 19. hxg6 hxg6 20. c4 Rd7 21. Rfe1 Rcd8 22. Bc2 Nd4 23. Be3 Nxc2 24. Qxc2 Bb4 25. Rxd7 Qxd7 26. Rb1 Be7 27. Bxa7 Qc6 28. Bb6 Rc8 29. c5 Qd5 30. Rd1 Qc6 31. Qd2 Bxc5 32. Bxc5 Qxc5 33. Qh6 Qc2 34. Re1 Qxa2 35. Ng5 Qd2 0-1

[Event "Swiss Queens Wed #1"]
[Site "FIDE Online Arena INT"]
[Date "2024.01.31"]
[Round "2"]
[White "Ovezdurdiyeva, Jemal"]
[Black "Pourkashiyan, Atousa"]
[Result "0-1"]
[WhiteElo "2057"]
[BlackElo "2270"]
[PlyCount "132"]
[EventDate "2024.01.31"]
[EventType "swiss (blitz)"]
[EventRounds "11"]
[EventCountry "NET"]
[SourceTitle "CB06_2024"]
[SourceDate "2024.02.07"]
[SourceVersion "1"]
[SourceVersionDate "2024.02.07"]
[SourceQuality "1"]

1. d4 Nf6 2. c4 e6 3. Nf3 d5 4. Nc3 Be7 5. e3 0-0 6. Bd3 a6 7. 0-0 dxc4 8. Bxc4 b5 9. Bd3 Bb7 10. Qc2 Nbd7 11. Rd1 c5 12. dxc5 Bxc5 13. Ne4 Bxe4 14. Bxe4 Rc8 15. Qd3 Qe7 16. Bb7 Rcd8 17. Qc2 Nb8 18. Rxd8 Rxd8 19. Ba8 Qa7 20. Bd2 Nbd7 21. Bc6 Qb6 22. Bxd7 Nxd7 23. Bc3 Bf8 24. Bd4 Qb7 25. Rc1 Nb6 26. Qc6 Qxc6 27. Rxc6 Nc4 28. b3 e5 29. bxc4 exd4 30. exd4 bxc4 31. Rxc4 a5 32. Kf1 f6 33. Ke1 Rb8 34. Kd2 Rb2+ 35. Rc2 Rb1 36. Kd3 Rf1 37. Kc4 Kf7 38. Kb5 Bb4 39. Re2 Rb1 40. Kc6 Ba3 41. d5 Rc1+ 42. Kd7 Rd1 43. Kc6 Rc1+ 44. Kb5 Rd1 45. Kxa5 Rxd5+ 46. Ka4 Bf8 47. Kb3 Rd3+ 48. Kb2 Rd8 49. Rc2 Rb8+ 50. Kc1 Ra8 51. Kb1 Ba3 52. Rc7+ Kg6 53. Kc2 Re8 54. Kb3 Bf8 55. a4 Rb8+ 56. Kc4 Rb4+ 57. Kd5 Rxa4 58. Rc2 Ra5+ 59. Ke6 Ra6+ 60. Kd7 Ra7+ 61. Ke8 Ra8+ 62. Kd7 Bb4 63. Rb2 Ba5 64. Ra2 Ra7+ 65. Kc6 Bb6 66. Rxa7 Bxa7 0-1